000 00869cab a2200265 4500
001 ABS49111
008 090401t1993 xxu||||| |||| 00| 0 eng d
035 _a(Sirsi) u70043
041 _aeng
100 _aInglis, S.
245 _aFour up at half time
260 _c1993
350 _a0
490 _aBuilding
_v258(7808) 27 August 1993, 26-31(5)
520 _aExamines the progress made towards converting football stadia to being all seated and describes two newly completed stadia, Millwall and Arsenal, and two others on the drawing board, Kirklees and the Manchester 2000 Olympic Stadium.
650 _aALL-SEATER STADIA
650 _aFOOTBALL STADIA
650 _aOLYMPIC STADIA
650 _aSAFETY
650 _aSPORTS STADIA
690 _aBUILT ENVIRONMENT-CONSTRUCTION DESIGN
700 _aSpring, M.
942 _n0
948 _c04/03/1997
999 _c44060
_d44060